UK Cities by Film - Statistics

General Stats
  • This quiz has been taken 153 times
    125 since last reset
  • The average score is 7 of 18
Answer Stats
Film Year City % Correct
Trainspotting 1996 Edinburgh
90%
The Full Monty 1997 Sheffield
72%
28 Days Later 2002 London
67%
The Theory of Everything 2014 Cambridge
62%
Bloody Sunday 2002 Derry
54%
The Damned United 2009 Leeds
48%
24 Hour Party People 2002 Manchester
48%
Alan Partridge: Alpha Papa 2013 Norwich
47%
Get Carter 1971 Newcastle
33%
Letter to Brezhnev 1985 Liverpool
29%
Saturday Night and Sunday Morning 1960 Nottingham
22%
Nativity! 2009 Coventry
21%
Human Traffic 1999 Cardiff
19%
Starter for 10 2006 Bristol
15%
Comfort and Joy 1984 Glasgow
15%
Submarine 2010 Swansea
15%
Good Vibrations 2013 Belfast
12%
A Taste of Honey 1961 Salford
10%
No matching quizzes found
Score Distribution
Percent of People with Each Score
Percentile by Number Answered
Your Score History
You have not taken this quiz since the last reset